Statistics for ♫ "Birthday Party" - Lyrics - AJR ♫

Click here to take the quiz!

General Stats

  • This quiz has been taken 101 times
    (47 since last reset)
  • The average score is 296 of 400

Answer Stats

Lyric% Correct
birthday
100%
a
96%
A
96%
my
96%
my,
96%
party
96%
to
96%
(I
92%
I
92%
In
92%
in
92%
You
92%
you
92%
you)
92%
and
88%
And
88%
be
88%
got
88%
it
88%
minute
88%
thank
88%
Thank
88%
(Thank
88%
(thank
88%
this
88%
This
88%
coming
85%
cryin'
85%
exist
85%
For
85%
going
85%
is
85%
kids
85%
Me,
85%
me
85%
not
85%
of
85%
Everything
81%
everything
81%
gon'
81%
great
81%
It's
81%
it's
81%
lots
81%
one
81%
So
81%
ago,
77%
am
77%
did
77%
finally
77%
hospital's
77%
meet
77%
relatives
77%
stay
77%
today
77%
today)
77%
fun
73%
nice
73%
people,
73%
bet
69%
oh,
69%
(Oh)
69%
old
69%
that
69%
time
69%
way)
69%
'way
69%
way
69%
always
65%
Always
65%
gonna
65%
drugs
62%
easy
62%
from
62%
hope
62%
life
62%
our
62%
stepping
62%
what
62%
all
58%
love
58%
parents
58%
stayin'
58%
the
58%
been
54%
stays
54%
how
46%
just
46%
minute's
46%
best
42%
everyone
42%
immigrants
42%
Instagram's
42%
load
42%
Heaven
38%
show
38%
that's
38%
us
38%
(Wow)
38%
(wow)
38%
bites
35%
bliss
35%
bum
35%
country's
35%
fine
35%
good
35%
ignorance
35%
never
35%
pigment
35%
see
35%
skin
35%
Yeah,
35%
your
35%
female
31%
ignoring
31%
one-minute-old
31%
(One-minute-old
31%
president
31%
things
31%
Except
27%
I've
27%
(I've
27%
mine
27%
mine)
27%
can
23%
cinch
23%
crying
23%
I'll
23%
outgrow
12%
tell
12%
friends
8%
life'll
4%

Score Distribution

Percentile by Number Answered

Percent of People with Each Score

Your Score History

You have not taken this quiz since the last reset